Researching the issues (Record no. 75112)
[ view plain ]
| 000 -LEADER | |
|---|---|
| fixed length control field | 01106cab a2200181 4500 |
| 001 - CONTROL NUMBER | |
| control field | L129449 |
| 008 - FIXED-LENGTH DATA ELEMENTS--GENERAL INFORMATION | |
| fixed length control field | 050420n2005 000 0 eng u |
| 035 ## - SYSTEM CONTROL NUMBER | |
| System control number | (Sirsi) u129449 |
| 041 ## - LANGUAGE CODE | |
| Language code of text/sound track or separate title | eng |
| 100 ## - MAIN ENTRY--PERSONAL NAME | |
| Personal name | Wearne, Stephen |
| 245 ## - TITLE STATEMENT | |
| Title | Researching the issues |
| 260 ## - PUBLICATION, DISTRIBUTION, ETC. | |
| Date of publication, distribution, etc. | 2005 |
| 490 ## - SERIES STATEMENT | |
| Series statement | Building |
| Volume/sequential designation | 270(8357) 15 April 2005, 60(1) |
| 520 ## - SUMMARY, ETC. | |
| Summary, etc. | Discusses the findings from a survey by Stephen Wearne "Problems and needs of project management in the process and other industries'". 1063 people employed by project owners, suppliers, contractors, consultants and other organisations in western Europe gave their opinions on the greatest problems of project management over the period 1991 to 2004. The greatest concernappeared to come from organisation, time and resources which was in 65% of all the statements about the greatest problems. Perhaps surprisingly, certain other categories such as risk, quality and safety were only reported by a small percentage ofrespondents as being in the greatest category of concerns. |
| 590 ## - LOCAL NOTE (RLIN) | |
| Local note | IKA290405 |
| 690 ## - LOCAL SUBJECT ADDED ENTRY--TOPICAL TERM (OCLC, RLIN) | |
| Topical term or geographic name as entry element | Project management |
| 9 (RLIN) | 6261 |
| 942 ## - ADDED ENTRY ELEMENTS (KOHA) | |
| Suppress in OPAC | 0 |
| Withdrawn status | Lost status | Source of classification or shelving scheme | Damaged status | Not for loan | Home library | Current library | Shelving location | Date acquired | Total Checkouts | Full call number | Barcode | Date last seen | Copy number | Price effective from | Koha item type |
|---|---|---|---|---|---|---|---|---|---|---|---|---|---|---|---|
| Dewey Decimal Classification | London | London | Journal article | 20/04/2005 | L129449 | 129449-1001 | 06/08/2019 | 1 | 06/08/2019 | Journal article |